| 000 | 00488 a2200133 4500 | ||
|---|---|---|---|
| 003 | Nust | ||
| 005 | 20170207171844.0 | ||
| 040 | _cNust | ||
| 082 | _a799 | ||
| 245 |
_a89- Lec on Info Assuramce & Ayber Securitaphs-2016y by Lt Col Dr Monis Akhalaq (Comdt MIST), Photographs-2016 _cMCS |
||
| 260 |
_aRawalpindi _bMCS _c10-05-2016 |
||
| 650 | _a89- Lec on Info Assuramce & Ayber Securitaphs-2016y by Lt Col Dr Monis Akhalaq (Comdt MIST), Photographs-2016 DVD No 26 (Vol-VI) | ||
| 651 | _aSweet Memories-MCS | ||
| 942 | _cBK | ||
| 999 |
_c219175 _d219175 |
||